| 000 | 00461nam a2200181Ia 4500 | ||
|---|---|---|---|
| 001 | 22788 | ||
| 005 | 20260414150854.0 | ||
| 008 | 260414t2022||||xx |||||||||||||| ||spa|| | ||
| 041 | _aESP | ||
| 082 |
_a622.0985 _bS53A |
||
| 100 |
_aSifuentes Briceño, Mario, _eAUT |
||
| 245 | 0 |
_aLa Cerro de Pasco : _ba mayor inversión del siglo XX |
|
| 260 | _c2022 | ||
| 300 |
_a206 páginas : _c26 cm. |
||
| 650 | _aTCA | ||
| 654 | _aCIC | ||
| 942 |
_cLIB _dJUS _fJUS _2ddc _n |
||
| 999 |
_c22788 _d22788 |
||